000
00329nam a2200133Ia 4500
005
20251222155210.0
008
251222s9999||||xx |||||||||||||| ||spa||
082
_a
MEQ.134
100
_a
CARRANZA RODRIG.
245
0
_a
Vademecum Académico de Medicamentos
250
_a
2da. ed.
264
_b
Interamericana S.A.
942
_c
LIB
999
_c
40256
_d
40256